| 000 | 00000nam 2200000za 4500 |
| 001 | 9.814512 |
| 003 | CaOODSP |
| 005 | 20250902121220 |
| 007 | cr ||||||||||| |
| 008 | 160406s2016 xxc|||||o f|0| 0 fre d |
| 040 | |aCaOODSP|bfre |
| 043 | |an-cn--- |
| 086 | 1 |aRv55-5/8-1-1-2016F-PDF |
| 110 | 2 |aAgence des services frontaliers du Canada. |
| 245 | 10|aAdministration du règlement sur l'importation temporaire de marchandises (numéro tarifaire 9993.00.00) |h[ressource électronique]. |
| 250 | |a[Édition de 7 mars 2016] |
| 260 | |a[Ottawa] : |bAgence des services frontaliers du Canada, |c2016. |
| 300 | |a37 p. : |btableaux. |
| 490 | 1 |aMémorandums D des douanes. D8, Remises et importation temporaire |vD8-1-1, le 7 mars 2016 |
| 500 | |aLe 7 mars 2016. |
| 500 | |aCeci annule le mémorandum D: D8-1-1 daté le 29 septembre 2009. |
| 775 | 08|tAdministration of temporary importation (tariff item no. 9993.00.00) regulations |w(CaOODSP)9.814509 |
| 794 | |tAdministration du Règlement sur l'importation temporaire de marchandises (numéro tarifaire 9993.00.00) |b[Édition de 31 mars 2016]|w(CaOODSP)9.816002 |
| 830 | #0|aMémorandums D des douanes. D8, Remises et importation temporaire ;|vD8-1-1, le 22 janvier 2010|w(CaOODSP)9.816826 |
| 856 | 40|qPDF|s546 Ko|uhttps://publications.gc.ca/collections/collection_2016/asfc-cbsa/Rv55-5-8-1-1-2016-fra.pdf |